000 01187cam a22003494a 4500
001 13926729
003 OSt
005 20140310184348.0
008 050412s2006 nyuab b 001 0 eng
010 _a 2005042644
020 _a043974363X
035 _a(OCoLC)ocm59756031
040 _aDLC
_cDLC
_dIG#
_dBAKER
_dVP@
_dIH9
_dDLC
042 _apcc
043 _ar------
050 0 0 _aSH 382
_b.Sa26 2006
100 1 _aSandler, Martin W.
_924918
245 1 0 _aTrapped in ice :
_ban amazing true whaling adventure /
_cMartin W. Sandler.
260 _aNew York :
_bScholastic Inc.,
_c2006.
300 _a168 p. :
_bcol. ill. ;
_c20 cm.
521 _aG12
526 _c1240
562 _e2
650 0 _aWhaling
_zArctic regions
_xHistory
_y19th century.
_924919
856 4 2 _3Publisher description
_uhttp://www.loc.gov/catdir/enhancements/fy1115/2005042644-d.html
906 _a7
_bcbc
_corignew
_d1
_eocip
_f20
_gy-gencatlg
942 _2lcc
_cBK-SCHOLAS
999 _c33897
_d33897